000 00620nam a2200241 i 4500
001 C2-0103373
003 PPAK
005 20180727100651.0
008 970604s1994 my |||| ||||| | may d
020 _a9838931322
040 _aPPAK
_beng
_cPPAK
_erda
082 0 4 _a899.233
_223
090 0 0 _a899.233
_bZAN
_dG
100 0 _aZanifah Mohd. Nor,
_eauthor
245 1 0 _aSamudera kasih
264 1 _aKuala Lumpur :
_bCreative ,
_c1994
300 _a118 pages ;
_c18 cm
336 _2rdacontent
_atext
337 _2rdamedia
_aunmediated
338 _2rdacarrier
_avolume
650 1 0 _aMalay fiction
942 _ddc
_cB
999 _c24475
_d24475